Một mùa khô nữa lại qua đi : Tiểu thuyết
में बचाया:
| मुख्य लेखक: | |
|---|---|
| स्वरूप: | पुस्तक |
| भाषा: | Undetermined |
| प्रकाशित: |
Hà Nội
Lao Động
1998
|
| विषय: | |
| टैग : |
टैग जोड़ें
कोई टैग नहीं, इस रिकॉर्ड को टैग करने वाले पहले व्यक्ति बनें!
|
| Thư viện lưu trữ: | Trung tâm Học liệu Trường Đại học Cần Thơ |
|---|
| LEADER | 00605nam a2200217Ia 4500 | ||
|---|---|---|---|
| 001 | CTU_37920 | ||
| 008 | 210402s9999 xx 000 0 und d | ||
| 020 | |c 16000 | ||
| 082 | |a 895.9223 | ||
| 082 | |b Tr121 | ||
| 100 | |a Nguyễn, Trân | ||
| 245 | 0 | |a Một mùa khô nữa lại qua đi : | |
| 245 | 0 | |b Tiểu thuyết | |
| 245 | 0 | |c Nguyễn Trân | |
| 260 | |a Hà Nội | ||
| 260 | |b Lao Động | ||
| 260 | |c 1998 | ||
| 650 | |a Vietnamese fiction,Vietnamese literature | ||
| 650 | |y 20th century | ||
| 904 | |i Minh | ||
| 980 | |a Trung tâm Học liệu Trường Đại học Cần Thơ | ||